00273nam a2200097Ia 4500008004100000245004600041245001800087260000900105650001000114856005100124171211s9999 xx 000 0 und d aOfficial Final Fantasy VII Strategy Guide cDavid Cassady c1997 xGAMES uhttp://down.ebook777.com/057/9781566867146.pdf